| 000 -LEADER |
| fixed length control field |
01375cam a2200409 a 4500 |
| 001 - CONTROL NUMBER |
| control field |
7879903 |
| 003 - CONTROL NUMBER IDENTIFIER |
| control field |
OSt |
| 005 - DATE AND TIME OF LATEST TRANSACTION |
| control field |
20211001113011.0 |
| 006 - FIXED-LENGTH DATA ELEMENTS--ADDITIONAL MATERIAL CHARACTERISTICS |
| fixed length control field |
m d |
| 007 - PHYSICAL DESCRIPTION FIXED FIELD--GENERAL INFORMATION |
| fixed length control field |
cr n |
| 008 - FIXED-LENGTH DATA ELEMENTS--GENERAL INFORMATION |
| fixed length control field |
070329s2007 gw a sb 001 0 eng d |
| 020 ## - INTERNATIONAL STANDARD BOOK NUMBER |
| International Standard Book Number |
9783642090547 |
| 035 ## - SYSTEM CONTROL NUMBER |
| System control number |
(WaSeSS)ssj0000259672 |
| 038 ## - RECORD CONTENT LICENSOR |
| Staff Name |
khadija |
| 040 ## - CATALOGING SOURCE |
| Original cataloging agency |
DLC |
| Transcribing agency |
DLC |
| Modifying agency |
DLC |
| -- |
WaSeSS |
| 042 ## - AUTHENTICATION CODE |
| Authentication code |
pcc |
| 050 #4 - LIBRARY OF CONGRESS CALL NUMBER |
| Classification number |
TA480.T54 |
| Item number |
L88 2007 |
| 050 #4 - LIBRARY OF CONGRESS CALL NUMBER |
| Classification number |
TA480 |
| 050 #4 - LIBRARY OF CONGRESS CALL NUMBER |
| Classification number |
TA480.T54L88 2007 |
| 082 00 - DEWEY DECIMAL CLASSIFICATION NUMBER |
| Classification number |
620.189322 |
| Edition number |
23 |
| Author Mark |
LUT |
| 100 1# - MAIN ENTRY--PERSONAL NAME |
| Personal name |
Lütjering, G. |
| Fuller form of name |
(Gerd) |
| 9 (RLIN) |
82907 |
| 210 10 - ABBREVIATED TITLE |
| Abbreviated title |
Titanium |
| 245 10 - TITLE STATEMENT |
| Title |
Titanium |
| Statement of responsibility, etc. |
Gerd Lütjering, James C. Williams. |
| 250 ## - EDITION STATEMENT |
| Edition statement |
2nd ed. |
| 260 ## - PUBLICATION, DISTRIBUTION, ETC. |
| Place of publication, distribution, etc. |
Berlin ; |
| -- |
New York : |
| Name of publisher, distributor, etc. |
Springer, |
| Date of publication, distribution, etc. |
c2007. |
| 490 0# - SERIES STATEMENT |
| Series statement |
Engineering materials and processes, |
| International Standard Serial Number |
1610-0181 |
| 504 ## - BIBLIOGRAPHY, ETC. NOTE |
| Bibliography, etc. note |
Includes bibliographical references (p. [417]-429) and index. |
| 506 ## - RESTRICTIONS ON ACCESS NOTE |
| Terms governing access |
License restrictions may limit access. |
| 563 ## - BINDING INFORMATION |
| Binding note |
PB |
| 650 #0 - SUBJECT ADDED ENTRY--TOPICAL TERM |
| Topical term or geographic name entry element |
Titanium. |
| 9 (RLIN) |
82908 |
| 650 #0 - SUBJECT ADDED ENTRY--TOPICAL TERM |
| Topical term or geographic name entry element |
Titanium alloys. |
| 9 (RLIN) |
45186 |
| 700 1# - ADDED ENTRY--PERSONAL NAME |
| Personal name |
Williams, J. C. |
| Fuller form of name |
(James Case), |
| Dates associated with a name |
1938- |
| 9 (RLIN) |
82909 |
| 773 #0 - HOST ITEM ENTRY |
| Title |
SpringerLink ebooks - Chemistry and Materials Science (2007) |
| 856 40 - ELECTRONIC LOCATION AND ACCESS |
| Uniform Resource Identifier |
<a href="http://www.columbia.edu/cgi-bin/cul/resolve?clio7879903">http://www.columbia.edu/cgi-bin/cul/resolve?clio7879903</a> |
| Public note |
Full text available from SpringerLink ebooks - Chemistry and Materials Science (2007) |
| 910 ## - USER-OPTION DATA (OCLC) |
| User-option data |
Library of Congress record |
| 942 ## - ADDED ENTRY ELEMENTS (KOHA) |
| Source of classification or shelving scheme |
|
| Koha item type |
Book |